00602nam a2200217 a 450000100060000000300080000600500170001400800410003103500190007203500110009104000310010204100080013308200250014110000310016624500430019726000370024030000270027765000280030465000400033265000120037276886BD-RjUL20211209082912.0200202s1969 nyub 000 1 eng  a(BD-RjUL)77110 a564356 aLCbengcLCdXNLSdBD-RjUL aeng04223a813.54bWIP 19691 aWillingham, Calder,d1922-10aProvidence Island /cCalder Willingham aNew York :bVanguard Pressc1969 a560 p.:bill.;c23 cm. aMan-woman relationships aTriangles (Interpersonal relations) aIslands